El Estado y el desarrollo económico /

Αποθηκεύτηκε σε:
Λεπτομέρειες βιβλιογραφικής εγγραφής
Κύριος συγγραφέας: Saucedo Sánchez, José Alberto
Μορφή: Κείμενο
Θέματα:
Ετικέτες: Προσθήκη ετικέτας
Δεν υπάρχουν, Καταχωρήστε ετικέτα πρώτοι!

MARC

LEADER 00000 a a2200000 04500
001 3563
003
040
100 |a Saucedo Sánchez, José Alberto  
245 |a El Estado y el desarrollo económico /  |c José Alberto Saucedo Sánchez 
500 |a Resumen en español páginas 2 y en inglés páginas 91  
650 |a ESTADO  
650 |a DESARROLLO ECONOMICO  
650 |a PARTICIPACION DEL ESTADO  
650 |a POLITICA GUBERNAMENTAL  
650 |a PROMOCION INDUSTRIAL  
773 |g volumen 54, número 1; páginas 30-35  
999 |c 38072  |d 38072